Нормален изглед
MARC изглед
- Смядовски, Димо Петров
Вход 01. Лично име
001 - Контролен номер на записа
- Контролно поле: 121823
003 - Код на организацията, даваща контролен номер
- Контролно поле: BLK
005 - Дата и час на последна промяна на записа
- Контролно поле: 20240730163731.0
008 - Данни с фиксирана дължина – обща информация
- Данни с фиксирана дължина : 180403n| acnz|abbn | aba d
100 1# - ИМЕ НА ЛИЦЕ -ПЪРВИЧНА ИНТЕЛЕКТУАЛНА ОТГОВОРНОСТ
- Лично име: Смядовски, Димо Петров
- Звания и думи, свързани с автора: учител и общественик, автор на материали върху историята на Русе
- Дати, свързани с автора: (1860 - 1944)
370 ## - Населено място
- Място на раждане: с. Смядово, Шуменско
942 ## - Системна служебна употреба
- Koha auth type: PERSO_NAME